| 000 -ლიდერი |
| ფიქსირებული სიგრძის საკონტროლო ველი |
01169nam a2200217Ia 4500 |
| 001 - საკონტროლო ნომერი |
| საკონტროლო ველი |
3790 |
| 003 - საკონტროლო ნომრის იდენტიფიკატორი |
| საკონტროლო ველი |
GE_BSU |
| 005 - ბოლო ოპერაციის თარიღი და დრო |
| საკონტროლო ველი |
20190812170753.0 |
| 008 - ფიქსირებული სიგრძის მონაცემთა ელემენტები - ზოგადი ინფორმაცია |
| ფიქსირებული სიგრძის საკონტროლო ველი |
181216s2005||||ge |||||||||||||| ||geo|| |
| 040 ## - კატალოგიზაციის წყარო |
| Transcribing agency |
GE_BSU |
| 041 ## - ენის კოდი |
| Language code of text/sound track or separate title |
geo |
| 080 ## - უნივერსალური ათობითი კლასიფიკაციის ინდექსი |
| Universal Decimal Classification number |
08 კ–83 |
| 245 ## - ცნობა სათაურის შესახებ |
| Title |
შოთა რუსთაველის სახ. უნ–ტი : |
| Remainder of title |
კრებული 4 / |
| Statement of responsibility, etc |
ტომის რედ. მამია ფაღავა, ელგუჯა მაკარაძე. სამხრ. დასავ. საქ–ს სამეცნ. კვლევითი ცენტრი. |
| 264 ## - წარმოების, გამოცემის, დისტრიბუციის და სხვა ცნობები |
| გამოცემის, წარმოების, დისტრიბუციის... ადგილი |
ბათუმი : |
| გამოცემის, წარმოების, დისტრიბუციის... სახელწოდება |
ბათუმის უნ–ტი, |
| გამოცემის, წარმოების, დისტრიბუციის... თარიღი |
2005. |
| 300 ## - ფიზიკური აღწერა |
| Extent |
177 გვ. ; |
| Other physical details |
27 სმ. |
| 653 ## - INDEX TERM--UNCONTROLLED |
| Uncontrolled term |
კრებული |
| 700 ## - ADDED ENTRY--PERSONAL NAME |
| Personal name |
ფაღავა, მამია |
| Relator term |
რედაქტორი |
| 9 (RLIN) |
142 |
| 700 ## - ADDED ENTRY--PERSONAL NAME |
| Personal name |
მაკარაძე, ელგუჯა |
| Relator term |
რედაქტორი |
| 9 (RLIN) |
3521 |
| 710 ## - ADDED ENTRY--CORPORATE NAME |
| Corporate name or jurisdiction name as entry element |
შოთა რუსთაველის სახ. უნ–ტი. სამხრ. დასავ. საქ–ს სამეცნ. კვლევითი ცენტრი |
| 9 (RLIN) |
3522 |
| 942 ## - ADDED ENTRY ELEMENTS (KOHA) |
| Koha item type |
წიგნი |
| Source of classification or shelving scheme |
|